000 00922cam a22003011 4500
001 2300
003 FISKH
005 20231115122706.0
008 790524s1950 nyua j 000 1 eng
010 _a 50008615
020 _a9780439239035
040 _aDLC
_cMs-C
_dOCoLC
_dWaChenE
_dDLC
_beng
042 _apremarc
050 0 0 _aPZ7.C5792
_bHe
082 _a860
100 1 _aCleary, Beverly.
245 1 0 _aHenry Huggins /
_cillustrated by Louis Darling
250 _aFirst Scholastic printing, September 2000
260 _aNew York :
_bScholastic,
_c1950
300 _a155 pages :
_billustrations ;
_c20 cm
505 _aQ
520 _aWhen Henry adopts Ribsy, a dog of no particular breed, humorous adventures follow.
521 8 _a670
_bLexile
521 8 _aQ
_bRaz-Plus
650 _aDog
_vJuvenile literature
906 _a7
_bcbc
_coclcrpl
_du
_encip
_f19
_gy-gencatlg
942 _2ddc
_cBK
_n0
999 _c2300
_d2300